| 000 | 00849cab a22002055a 4500 | ||
|---|---|---|---|
| 001 | L150871 | ||
| 008 | 100908e20100814xxk 000 0 eng d | ||
| 035 | _a(Sirsi) u150871 | ||
| 041 | 0 | _aeng | |
| 100 | 1 | _aCunningham, Daniel | |
| 245 | 0 | 0 | _aStuck on green? |
| 260 | _c2010 | ||
| 490 |
_aEstates Gazette _v(1032) 14 August 2010, 47-49(3) |
||
| 520 | _aExamines plans for a redevelopment of the waterfront at St Helier in Jersey where plans for the scheme which are not affected by UK planning policy have now been submitted and approved. Also features developments on the Isle of Man where schemes such as a 30 000 sq ft building on Finch Road in Douglas have been given consent but are not yet going ahead. | ||
| 590 | _aKA | ||
| 651 | 4 | _aIsle of Man | |
| 651 | 4 | _aChannel Islands | |
| 690 | _aPROPERTY-PROPERTY DEVELOPMENT | ||
| 942 | _n0 | ||
| 999 |
_c82659 _d82659 |
||